Court Appeal Election Petition Appeal No.5 of 2002 Karokora Katono Zedekiv vs Electoral Commission and Another (Record no. 4024)
[ view plain ]
| 000 -LEADER | |
|---|---|
| fixed length control field | 00724nam a22001217a 4500 |
| 008 - FIXED-LENGTH DATA ELEMENTS--GENERAL INFORMATION | |
| fixed length control field | 110627t xxu||||| |||| 00| 0 eng d |
| 010 ## - LIBRARY OF CONGRESS CONTROL NUMBER | |
| LC control number | HAEPA F-127 |
| 245 ## - TITLE STATEMENT | |
| Title | Court Appeal Election Petition Appeal No.5 of 2002 Karokora Katono Zedekiv vs Electoral Commission and Another |
| 260 ## - PUBLICATION, DISTRIBUTION, ETC. (IMPRINT) | |
| Date of publication, distribution, etc | 2002 |
| 500 ## - GENERAL NOTE | |
| General note | Coram: Hon.Justice L.E.M.Mukasa-Kikonyogo,DCJ<br/> Hon. Justice G.M.Okello ,JA<br/> Hon. Justice C.N.B.Kitumba, JA |
| 500 ## - GENERAL NOTE | |
| General note | Appeal from the decision of the High Court (Musoke-Kibuuka J) at Mbarara given on the 3day of Januaryb 2002 in Election Petition No.2 of 2001 |
| Withdrawn status | Lost status | Source of classification or shelving scheme | Damaged status | Koha normalized classification for sorting | Not for loan | Location (home branch) | Sublocation or collection (holding branch) | Shelving location | Date acquired | Koha issues (times borrowed) | Koha full call number | Piece designation (barcode) | Koha date last seen | Price effective from | Koha item type |
|---|---|---|---|---|---|---|---|---|---|---|---|---|---|---|---|
| Dewey Decimal Classification | CAEPA_F127 | Law Development Centre Main Library | Law Development Centre Main Library | Law Reports | 06/27/2011 | CAEPA F-127 | 2011/2849 | 06/27/2011 | 06/27/2011 | Un Reported Cases |
